[Event "It (open) (b)"]
[Site "masterchessopen.com Utrecht (Netherlands)"]
[Date "2006.06.18"]
[Round "5"]
[White "Lukacs Andor"]
[Black "Haast Anne (NED)"]
[Result "1-0"]
[WhiteElo "1700"]
[BlackElo "1860"]

1.e4 e5 2.Nf3 Nc6 3.Bb5 a6 4.Ba4 Nf6 5.O-O d6 6.Re1 b5 7.Bb3 Be7 8.c3 O-O 9.h3
Na5 10.Bc2 c5 11.d4 exd4 12.cxd4 Qc7 13.d5 Bd7 14.b3 c4 15.b4 Nb7 16.Bb2 a5
17.a3 Be8 18.Nc3 Qb6 19.Nd4 Bd7 20.f4 Ne8 21.e5 Nc7 22.Kh1 Nd8 23.Nf3 axb4
24.axb4 Rxa1 25.Bxa1 dxe5 26.Nxe5 Bc8 27.Nxc4 bxc4 28.Rxe7 Nb7 29.Qh5 g6
30.Qe5 f6 31.Qxc7 {#r} 1-0

[Event "It (open)"]
[Site "masterchessopen.com Marseilles (France)"]
[Date "2006.07.02"]
[Round "3"]
[White "Riff Jean-Noel (FRA)"]
[Black "Hebden Mark (ENG)"]
[Result "1-0"]
[WhiteElo "2445"]
[BlackElo "2545"]

1.e4 e5 2.Nf3 Nc6 3.Bb5 a6 4.Ba4 Nf6 5.O-O Be7 6.Re1 b5 7.Bb3 O-O 8.c3 d6 9.h3
Na5 10.Bc2 c5 11.d4 Nd7 12.Nbd2 cxd4 13.cxd4 Nc6 14.Nf1 exd4 15.Nxd4 Nxd4
16.Qxd4 Ne5 17.f4 Nc4 18.b3 Na5 19.Ba3 Nc6 20.Qd3 g6 21.Rad1 Qa5 22.Bb2 Be6
23.Ne3 f6 24.Bb1 Qb6 25.Kh1 Nb4 26.Qd2 a5 27.f5 Bf7 28.Ng4 Nc6 29.Bxf6 {#r}
1-0

[Event "Ch Greece (team)"]
[Site "masterchessopen.com Ermioni (Greece)"]
[Date "2006.07.06"]
[Round "4"]
[White "Petsetidi Maria (GRE)"]
[Black "Stavropoulou Katerina (GRE)"]
[Result "1-0"]
[WhiteElo "2010"]
[BlackElo "1964"]

1.e4 e5 2.Nf3 Nc6 3.Bb5 a6 4.Ba4 Nf6 5.O-O Be7 6.Re1 b5 7.Bb3 O-O 8.c3 d6 9.h3
Na5 10.Bc2 c5 11.d4 cxd4 12.cxd4 exd4 13.Nxd4 Qc7 14.Nc3 Nc6 15.a3 Nxd4
16.Qxd4 h6 17.Bf4 Bb7 18.Rac1 Qc5 19.Qd3 Qc4 20.Qd2 Qc5 21.Bb1 Qb6 22.Nd5 Bxd5
23.exd5 Rfe8 24.Rc6 Qb7 25.Qc2 Rac8 26.Rxe7 Qxe7 27.Rxc8 {#r} 1-0

[Event "It (open)"]
[Site "masterchessopen.com Banska Stiavnica (Slovakia)"]
[Date "2006.07.08"]
[Round "1"]
[White "Priborsky Jan (CZE)"]
[Black "Skapikova Lubica (SVK)"]
[Result "1-0"]
[WhiteElo "2368"]
[BlackElo "2013"]

1.e4 e5 2.Nf3 Nc6 3.Bb5 a6 4.Ba4 Nf6 5.O-O Be7 6.Re1 b5 7.Bb3 O-O 8.h3 d6 9.c3
Na5 10.Bc2 c5 11.d4 exd4 12.cxd4 Qc7 13.Bf4 Nh5 14.Bh2 cxd4 15.Nxd4 g6 16.Nc3
Bb7 17.Nf5 Nc4 18.Nxe7+ Qxe7 19.b3 Ne5 20.Qd2 Rac8 21.Bd1 Nf6 22.f4 Ned7
23.Bf3 Nc5 24.e5 dxe5 25.fxe5 Qd7 26.Qe3 Bxf3 27.exf6 Bb7 28.Rad1 Qc6 29.Nd5
Rfe8 30.Qh6 Rxe1+ 31.Rxe1 Ne6 32.Ne7+ {#r} 1-0

[Event "It (open)"]
[Site "masterchessopen.com Pardubice (Czech Republic)"]
[Date "2006.07.21"]
[Round "1"]
[White "Lampe Dirk (GER)"]
[Black "Olszewski Michal (POL)"]
[Result "0-1"]
[WhiteElo "2220"]
[BlackElo "2431"]

1.e4 e5 2.Nf3 Nc6 3.Bb5 a6 4.Ba4 Nf6 5.O-O Be7 6.Re1 b5 7.Bb3 d6 8.c3 O-O 9.h3
Na5 10.Bc2 c5 11.d4 Nd7 12.Nbd2 exd4 13.cxd4 Nc6 14.Nf1 cxd4 15.Nxd4 Nxd4
16.Qxd4 Ne5 17.Ne3 Bxh3 18.Bb3 Bg5 19.Rf1 {#R} 0-1

[Event "Ch MinPros (b)"]
[Site "masterchessopen.com Nizhnij Novgorod (Russia)"]
[Round "0"]
[White "Temnov Mikhail (RUS)"]
[Black "Paley Alexander (RUS)"]
[Result "0-1"]
[WhiteElo "2033"]
[BlackElo "1928"]

1.e4 e5 2.Nf3 Nc6 3.Bb5 a6 4.Ba4 Nf6 5.O-O b5 6.Bb3 Be7 7.Re1 O-O 8.h3 d6 9.c3
Na5 10.Bc2 c5 11.d4 exd4 12.cxd4 cxd4 13.Nxd4 Re8 14.Qd3 g6 15.Bd2 Nc4 16.Bc3
Bb7 17.b3 Ne5 18.Qg3 Bf8 19.Nd2 Bg7 20.Rac1 Rc8 {#R} 0-1

[Event "Ch Pan-American (juniors) (under 16) (g)"]
[Site "masterchessopen.com South America"]
[Date "2006.08.01"]
[Round "7"]
[White "Salazar Loor Sara (ECU)"]
[Black "Drobrenski Jessica"]
[Result "0-1"]
[WhiteElo "1861"]
[BlackElo "1924"]

1.e4 e5 2.Nf3 Nc6 3.Bb5 a6 4.Ba4 Nf6 5.O-O Be7 6.Re1 b5 7.Bb3 d6 8.c3 O-O 9.h3
Na5 10.Bc2 c5 11.d4 cxd4 12.cxd4 Nc6 13.a3 Re8 {#R} 0-1

[Event "It (open)"]
[Site "masterchessopen.com Izmir (Turkey)"]
[Date "2006.08.10"]
[Round "1"]
[White "Secer Ata (TUR)"]
[Black "Karamahmutoglu Eser (TUR)"]
[Result "1-0"]
[WhiteElo "2269"]
[BlackElo "2012"]

1.e4 e5 2.Nf3 Nc6 3.Bb5 a6 4.Ba4 Nf6 5.O-O Be7 6.Re1 b5 7.Bb3 O-O 8.h3 d6 9.c3
Na5 10.Bc2 c5 11.d4 Nc6 12.d5 Nb8 13.a4 Bb7 14.Na3 b4 15.Nc4 Nbd7 16.a5 Rc8
17.Ne3 g6 18.Nd2 Nh5 19.Ndc4 Ng7 20.Bd2 bxc3 21.bxc3 Nf6 22.Rb1 Rc7 23.Rb2
Nfh5 24.Qf3 Bc8 25.Reb1 Nf4 26.Rb8 Bg5 27.Ra8 Qf6 28.Rbb8 Ngh5 29.Nb6 Nxh3+
30.Kf1 Qxf3 31.gxf3 Bh4 32.Nxc8 Bxf2 33.Ne7+ {#r} 1-0

[Event "Ch Europe (juniors) (under 14)"]
[Site "masterchessopen.com Herceg Novi (Montenegro)"]
[Date "2006.09.16"]
[Round "6"]
[White "Chekhov Sergei (RUS)"]
[Black "Kilpatrick Callum (ENG)"]
[Result "0-1"]
[WhiteElo "2175"]
[BlackElo "2104"]

1.e4 e5 2.Nf3 Nc6 3.Bb5 a6 4.Ba4 Nf6 5.O-O Be7 6.Re1 b5 7.Bb3 d6 8.c3 O-O 9.h3
Na5 10.Bc2 c5 11.d4 Nd7 12.d5 Nb6 13.Nbd2 f5 14.exf5 Bxf5 15.Bxf5 Rxf5 16.Ne4
Qe8 17.Be3 Nac4 18.b3 Nxe3 19.Rxe3 Qg6 20.Qd2 Rxf3 21.Rxf3 Qxe4 22.Rd1 Rf8
23.Rxf8+ Kxf8 24.c4 bxc4 25.Qa5 Nxd5 26.Qxa6 Nf4 27.Qc8+ Kf7 28.Qg4 cxb3 {#R}
0-1

[Event "Ch Belgrade (team) (Premijer liga)"]
[Site "masterchessopen.com Belgrade (Yugoslavia)"]
[Date "2006.09.27"]
[Round "5"]
[White "Popovic Predrag (SRB)"]
[Black "Danilovic Milisav (SRB)"]
[Result "0-1"]
[WhiteElo "2103"]
[BlackElo "2174"]

1.e4 e5 2.Nf3 Nc6 3.Bb5 a6 4.Ba4 Nf6 5.O-O Be7 6.Re1 b5 7.Bb3 d6 8.h3 O-O 9.c3
Na5 10.Bc2 c5 11.d4 Nd7 12.Nbd2 cxd4 13.cxd4 Nc6 14.Nf1 exd4 15.Nxd4 Nxd4
16.Qxd4 Ne5 17.Ne3 Bxh3 18.Nd5 Be6 19.Bf4 Bf6 20.Kf1 g6 21.Bh6 Re8 22.f4 Bxd5
23.Qxd5 Ng4 24.Bg5 Qb6 25.Re2 Bxb2 26.Bb3 Bxa1 27.Qxf7+ Kh8 28.g3 Qa7 29.e5
dxe5 30.f5 Qxf7 31.Bxf7 Rf8 32.Bd5 Rxf5+ 33.Kg2 {#R} 0-1

[Event "It (open)"]
[Site "masterchessopen.com Santo-Domingo (Dominicana)"]
[Round "1"]
[White "Quezada Yuniesky (CUB)"]
[Black "Orizondo Hugo (USA)"]
[Result "1-0"]
[WhiteElo "2515"]
[BlackElo "2144"]

1.e4 e5 2.Nf3 Nc6 3.Bb5 a6 4.Ba4 Nf6 5.O-O Be7 6.Re1 b5 7.Bb3 d6 8.c3 O-O 9.h3
Na5 10.Bc2 c5 11.d4 Bb7 12.Nbd2 cxd4 13.cxd4 exd4 14.Nxd4 Re8 15.b4 Nc6
16.Nxc6 Bxc6 17.Bb2 Nd7 18.Nf3 Bf6 19.Nd4 Bb7 20.a4 bxa4 21.Bxa4 Rxe4 22.Rxe4
Bxe4 23.Qg4 Bxd4 24.Bxd4 Nf6 25.Qf4 d5 26.Bc6 Rc8 27.Rxa6 Bd3 28.b5 Bc4 29.Ra7
h6 30.Bb7 Bxb5 31.Bxc8 Qxc8 32.Bxf6 gxf6 33.Qxf6 {#r} 1-0

[Event "Ch Great Britain (active)"]
[Site "masterchessopen.com Halifax (England)"]
[Date "2006.11.04"]
[Round "6"]
[White "Hanley James L (ENG)"]
[Black "Haslinger Stewart (ENG)"]
[Result "0-1"]
[WhiteElo "2169"]
[BlackElo "2438"]

1.e4 e5 2.Nf3 Nc6 3.Bb5 a6 4.Ba4 Nf6 5.O-O Be7 6.Re1 b5 7.Bb3 d6 8.c3 O-O 9.h3
Na5 10.Bc2 c5 11.d4 Nd7 12.Nbd2 cxd4 13.cxd4 Nc6 14.dxe5 Ndxe5 15.Nxe5 dxe5
16.Nf3 Bb7 17.Be3 Nb4 18.Nxe5 Qc7 {#R} 0-1

[Event "It (open) \"]
[Site "masterchessopen.com Salekhard (Russia)"]
[Date "2006.12.01"]
[Round "3"]
[White "Bezgodov Alexei (RUS)"]
[Black "Nachev Stanislav (RUS)"]
[Result "1-0"]
[WhiteElo "2561"]
[BlackElo "2418"]

1.e4 e5 2.Nf3 Nc6 3.Bb5 a6 4.Ba4 Nf6 5.O-O Be7 6.Re1 b5 7.Bb3 d6 8.c3 O-O 9.h3
Na5 10.Bc2 c5 11.d4 Nd7 12.Kh1 Bb7 13.dxc5 dxc5 14.Nbd2 Qc7 15.b3 Rfd8 16.Qe2
b4 17.Bb2 c4 18.bxc4 Rac8 19.cxb4 Bxb4 20.Rec1 Qd6 21.Rab1 Ba8 22.Ba1 Ba3
23.Rd1 Qc7 24.Nh4 Nb6 25.Nf5 Nbxc4 26.Nxc4 Qxc4 27.Qg4 Bf8 28.Nxg7 Bxg7
29.Bxe5 Rxd1+ 30.Rxd1 {#r} 1-0

[Event "It (open) (juniors) (under 16)"]
[Site "masterchessopen.com Benidorm (Spain)"]
[Date "2006.12.07"]
[Round "4"]
[White "Ivern Gual Carles (ESP)"]
[Black "Garcia Salamero Gabriel (ESP)"]
[Result "1-0"]
[WhiteElo "1948"]
[BlackElo "2225"]

1.e4 e5 2.Nf3 Nc6 3.Bb5 a6 4.Ba4 Nf6 5.O-O Be7 6.Re1 b5 7.Bb3 d6 8.c3 O-O 9.h3
Na5 10.Bc2 c5 11.d4 Nd7 12.d5 c4 13.Be3 Nb7 14.Nbd2 Ndc5 15.b4 Nxe4 16.Nxe4 f5
17.Neg5 e4 18.Nxe4 fxe4 19.Bxe4 Bf6 20.Bd4 Bd7 21.Bxf6 Rxf6 22.Nd4 g6 23.Ne6
Qc8 24.Qd4 Rf7 25.Re3 Rb8 26.Ng5 Rf8 27.Bxg6 hxg6 28.Re7 {#r} 1-0

[Event "It (d)"]
[Site "masterchessopen.com Vladimir (Russia)"]
[Date "2006.12.18"]
[Round "5"]
[White "Zdebskaja Natalia (UKR)"]
[Black "Borisova Elizaveta (RUS)"]
[Result "1-0"]
[WhiteElo "2343"]
[BlackElo "2182"]

1.e4 e5 2.Nf3 Nc6 3.Bb5 a6 4.Ba4 Nf6 5.O-O Be7 6.Re1 b5 7.Bb3 d6 8.c3 O-O 9.h3
Na5 10.Bc2 c5 11.d4 Nd7 12.Nbd2 exd4 13.cxd4 Nc6 14.d5 Nce5 15.Nxe5 Nxe5 16.f4
Ng6 17.Nf3 Bh4 18.Nxh4 Qxh4 19.f5 Ne5 20.Rf1 Bd7 21.Rf4 Qg3 22.Qh5 f6 23.Rh4
Be8 24.Qxh7+ Kf7 25.Bd1 Rg8 26.Bd2 b4 27.Be2 Nd3 28.Qg6+ {#r} 1-0

[Event "It (open)"]
[Site "masterchessopen.com Bethune (France)"]
[Date "2006.12.26"]
[Round "1"]
[White "Fedorchuk Sergey A (UKR)"]
[Black "Kjartansson Gudmundur (ISL)"]
[Result "1-0"]
[WhiteElo "2599"]
[BlackElo "2246"]

1.e4 e5 2.Nf3 Nc6 3.Bb5 a6 4.Ba4 Nf6 5.O-O Be7 6.Re1 b5 7.Bb3 d6 8.c3 O-O 9.h3
Na5 10.Bc2 c5 11.d4 Nd7 12.Nbd2 exd4 13.cxd4 Nc6 14.Nb3 a5 15.e5 dxe5 16.dxe5
Qc7 17.Bf4 Nb6 18.Ng5 Bxg5 19.Bxg5 c4 20.Nd4 Nxd4 21.Qxd4 Re8 22.Rad1 Bb7
23.Bf6 Nd5 24.Bxh7+ Kf8 25.Qg4 Nxf6 26.exf6 g6 27.Qg5 Re6 28.Qh6+ Ke8 29.Bxg6
{#r} 1-0

[Event "It (open)"]
[Site "masterchessopen.com Groningen (Netherlands)"]
[Date "2006.12.26"]
[Round "4"]
[White "Blees Enrico (NED)"]
[Black "Wielenga Wiebe (NED)"]
[Result "0-1"]
[WhiteElo "2083"]
[BlackElo "2154"]

1.e4 e5 2.Nf3 Nc6 3.Bb5 a6 4.Ba4 Nf6 5.O-O Be7 6.Re1 b5 7.Bb3 d6 8.c3 O-O 9.h3
Na5 10.Bc2 c5 11.d4 Nd7 12.Nbd2 exd4 13.cxd4 Nc6 14.Nf1 Bf6 15.Be3 Bb7 16.Ng3
g6 17.Qd2 Rc8 18.Rac1 cxd4 19.Nxd4 Nxd4 20.Bxd4 Ne5 21.b3 Re8 22.Ne2 d5 23.f4
dxe4 24.fxe5 Bg5 25.Qd1 Bxc1 26.Qxc1 e3 27.Kh2 Qa5 28.Rf1 Be4 29.Bxe4 Rxc1
30.Rxc1 Qxa2 31.Nc3 Qd2 {#R} 0-1

[Event "Bundesliga B Mitte 2006/07"]
[Site "masterchessopen.com Austria"]
[Date "2007.01.27"]
[Round "6"]
[White "Schachinger Mario (AUT)"]
[Black "Kuba Guenter (AUT)"]
[Result "0-1"]
[WhiteElo "2278"]
[BlackElo "2396"]

1.e4 e5 2.Nf3 Nc6 3.Bb5 a6 4.Ba4 Nf6 5.O-O Be7 6.Re1 b5 7.Bb3 d6 8.c3 O-O 9.h3
Na5 10.Bc2 c5 11.d4 Nd7 12.d5 Nb6 13.Nbd2 f5 14.exf5 Bxf5 15.Ne4 Qd7 16.Nfg5
h6 17.Ne6 Bxe6 18.dxe6 Qxe6 19.Qd3 c4 20.Qg3 Nc6 21.Be3 Nd5 22.Rad1 Nxe3
23.Qxe3 Rad8 24.Qb6 d5 25.Nc5 Bxc5 26.Qxc5 Qd6 27.Qb6 Rb8 28.Qxa6 Qc5 29.a4
Rb6 {#R} 0-1

[Event "Ch Moscow (1/2 final) (open)"]
[Site "masterchessopen.com Moscow (Russia)"]
[Round "3"]
[White "Novikov Valeri (RUS)"]
[Black "Eliseev Stanislav (UKR)"]
[Result "0-1"]
[WhiteElo "2162"]
[BlackElo "2156"]

1.e4 e5 2.Nf3 Nc6 3.Bb5 a6 4.Ba4 Nf6 5.O-O Be7 6.Re1 b5 7.Bb3 O-O 8.c3 d6 9.h3
Na5 10.Bc2 c5 11.d3 Bd7 12.Nbd2 Ne8 13.Nf1 Bf6 14.Ne3 g6 15.Nd5 Bg7 16.Bg5 f6
17.Be3 Be6 18.b4 Nb7 19.a4 Bxd5 20.exd5 Nc7 21.Bb3 Kh8 22.Ra2 f5 23.Bg5 Qd7
24.bxc5 Nxc5 25.d4 Nxb3 26.Qxb3 e4 27.Nh2 Qf7 28.Qa3 Nxd5 29.Qxd6 Nxc3 30.Rc2
Qc4 31.Rec1 b4 32.Be7 Rfc8 33.Bf6 a5 34.d5 {#R} 0-1

[Event "It (open)"]
[Site "masterchessopen.com Cappelle la Grande (France)"]
[Date "2007.03.05"]
[Round "4"]
[White "Kravtsiv Martyn (UKR)"]
[Black "Postny Evgeny (ISR)"]
[Result "0-1"]
[WhiteElo "2498"]
[BlackElo "2598"]

{ Postny Evgeny (ISR) +0 =1 -0 } 1.e4 e5 2.Nf3 Nc6 3.Bb5 a6 4.Ba4 Nf6 5.O-O
Be7 6.Re1 b5 7.Bb3 d6 8.c3 O-O 9.h3 Na5 10.Bc2 c5 11.d4 Nd7 12.Nbd2 exd4
13.cxd4 Nc6 14.d5 Nce5 { = } 15.Nxe5 ( 15.a4 Rb8 16.axb5 axb5 17.Nxe5 Nxe5
18.f4 Ng6 19.Nf3 Bh4 20.Rf1 Bg3 21.f5 Ne5 22.Ng5 Bh4 23.Qh5 Bxg5 24.Bxg5 f6
25.Bf4 Qe8 26.Qxe8 Rxe8 27.Ra7 Kf8 28.Rfa1 h6 29.Kf2 Re7 30.b4 Rxa7 31.Rxa7
cxb4 32.Bd2 Rb7 33.Rxb7 Bxb7 34.Bxb4 Ke7 { ...1-0, Anand Viswanathan 2803 -
Bruzon Lazaro 2652 , Leon 9. 6.2006 It (active) } ) 15...Nxe5 16.f4 ( 16.a4
Bb7 17.f4 Ng6 18.Nf3 Bh4 19.Rf1 Bg3 20.f5 Ne5 21.Ng5 Bh4 22.f6 g6 23.Qd2 Nd7
24.Nxh7 Bxf6 25.Nxf6+ Nxf6 26.Qh6 Nh7 27.Rf4 { 1-0, Fressinet Laurent 2640 -
Le Roux Jean-Pierre 2460 , Val d'Isere 16. 8.2004 Ch France } ) 16...Ng6
17.Nf3 Bh4 ( 17...f5 18.e5 dxe5 19.fxe5 Bb7 20.d6 Bh4 21.Re2 Bg3 22.b4 c4
23.Qd4 Qd7 24.Bd2 Rae8 25.Rae1 Bxf3 26.gxf3 Re6 27.Kg2 Bxe1 28.Rxe1 Qc6 29.Bc3
Rf7 30.Kf2 Nf8 31.Rg1 Rh6 32.Qe3 Rxh3 33.e6 Nxe6 34.Bxf5 Rxf3+ 35.Qxf3 Qxf3+
36.Kxf3 Rxf5+ 37.Ke4 { ...0-1, Ponomariov Ruslan 2734 - Beliavsky Alexander G
2649 , Moscow 2002 It "Grand Prix" (active) } ) 18.Nxh4 Qxh4 19.f5 Ne5 (
19...Nf4 20.Qd2 a5 21.Qf2 Qxf2+ 22.Kxf2 Nh5 23.g4 Nf6 24.Bg5 Re8 25.Bxf6 gxf6
26.Rg1 h6 27.h4 Kf8 28.g5 hxg5 29.hxg5 fxg5 30.f6 Re5 31.Rh1 Ke8 32.Rh8+ Kd7
33.Rf8 Re8 34.Rxf7+ Kd8 35.Rg1 g4 36.Rh1 a4 37.Ke3 c4 38.a3 b4 39.Kd4 {
...1-0, Almagro Llanas Pablo 2345 - Valles Moreno Ivan 2346 , Madrid 2002 It }
) 20.Rf1 Kh8 { +0.07 CAP } ( 20...Bd7 21.Bf4 Qe7 22.Qe1 f6 23.Qg3 Rfe8 24.b3
a5 25.Bd1 Qd8 26.Bh5 Re7 27.Kh2 Be8 28.Bxe8 Qxe8 29.Rae1 a4 30.Re3 b4 31.Qh4
Kh8 32.Bxe5 Rxe5 33.Qf4 axb3 34.axb3 Ra2 35.Rfe1 Kg8 36.Rg3 Ra7 37.Rge3 Qc8
38.Rg3 Qa6 39.Rge3 Qa2 40.Qf1 { ...0-1, Damljanovic Branko 2578 - Ponomariov
Ruslan 2710 , Plovdiv 2003 Ch Europe (team) } ) ( 20...Re8 21.Bf4 Bd7 22.Qd2
Qe7 23.a4 { 1/2-1/2, Parligras Mircea 2543 - Lane Gary W 2440 , Turin 22.
5.2006 Olympiad } ) 21.Bf4 { N } ( 21.Rf4 Qg5 22.Qe1 Bd7 23.Rf1 Qe7 24.Qg3 f6
25.Bf4 Rad8 26.Qh4 Rg8 27.Kh1 g5 28.fxg6 Rxg6 29.Rf2 Rdg8 30.a3 a5 31.Raf1 b4
32.a4 Bc8 33.Bxe5 Qxe5 34.Bd3 Rg5 35.g4 Qd4 36.Qg3 f5 37.exf5 Qxd5+ 38.Kh2 h5
39.Re1 c4 40.Be4 Qd4 { ...1-0, Pirisi Gabor 2271 - Malada Vinko 2256 ,
Budapest 11. 8.2006 It (cat.1) } ) 21...Qe7 22.Qe1 Bd7 23.Qg3 f6 24.a4 Rfc8
25.b3 c4 26.b4 a5 27.Qc3 axb4 28.Qxb4 bxa4 29.Bxa4 { ? } ( 29.Rfb1 Be8 30.Qc3
Rcb8 31.Rxb8 Rxb8 32.Kf2 Kg8 33.Kg3 Ra8 34.Qb4 { } ) 29...Nd3 30.Bxd6 Qd8
31.Bxd7 Nxb4 32.Bxc8 Rxc8 { } {#R} 0-1

[Event "It (cat.3)"]
[Site "masterchessopen.com Givataim (Israel)"]
[Date "2007.04.13"]
[Round "7"]
[White "Baron Tal (ISR)"]
[Black "Kantsler Boris (ISR)"]
[Result "0-1"]
[WhiteElo "2232"]
[BlackElo "2509"]

1.e4 e5 2.Nf3 Nc6 3.Bb5 a6 4.Ba4 Nf6 5.O-O Be7 6.Re1 b5 7.Bb3 d6 8.c3 O-O 9.h3
Na5 10.Bc2 c5 11.d4 Nc6 12.d5 Na5 13.b3 Re8 14.Nbd2 g6 15.Nf1 Nh5 16.Ng3 Nf4
17.Bxf4 exf4 18.Ne2 Bf6 19.Qd3 b4 20.Rab1 bxc3 21.Nxf4 Bd7 22.a4 Qc7 23.Qe2
Rab8 24.Qd1 Rb6 25.Qc1 c4 26.b4 Nb3 27.Qa3 Nd2 28.Nxd2 cxd2 29.Re3 Reb8 30.Kf1
Qb7 31.Ke2 Bd4 32.Rg3 c3 33.Nd3 Re8 34.Kf3 f5 {#R} 0-1

[Event "It (open) \"]
[Site "masterchessopen.com Athens (Greece)"]
[Date "2007.05.05"]
[Round "7"]
[White "Vlahos Athanasios (GRE)"]
[Black "Arvanitis Georgios (GRE)"]
[Result "1-0"]
[WhiteElo "1985"]
[BlackElo "1627"]

1.e4 e5 2.Nf3 Nc6 3.Bb5 a6 4.Ba4 Nf6 5.O-O Be7 6.Re1 b5 7.Bb3 O-O 8.h3 d6 9.c3
Na5 10.Bc2 c5 11.d4 Nd7 12.Nbd2 Nc6 13.d5 Na5 14.b4 cxb4 15.cxb4 Nb7 16.a4 Nb6
17.axb5 axb5 18.Rxa8 Nxa8 19.Bd3 Bd7 20.Qe2 Qb6 21.Nb3 Nc7 22.Be3 Nc5 23.bxc5
dxc5 24.Nxe5 {#r} 1-0

[Event "It (open) \"]
[Site "masterchessopen.com Berlin (Germany)"]
[Date "2007.05.16"]
[Round "1"]
[White "Thielsch Norman (GER)"]
[Black "Bryn Thomas (NOR)"]
[Result "1-0"]
[WhiteElo "2325"]
[BlackElo "2057"]

1.e4 e5 2.Nf3 Nc6 3.Bb5 a6 4.Ba4 Nf6 5.O-O Be7 6.Re1 b5 7.Bb3 d6 8.c3 O-O 9.h3
Na5 10.Bc2 c5 11.d3 Qc7 12.Nbd2 Nc6 13.Nf1 d5 14.Bg5 Be6 15.Ne3 d4 16.Nf5 Bxf5
17.exf5 Nd5 18.Bb3 Rad8 19.c4 bxc4 20.Bxc4 Bxg5 21.Nxg5 Qb6 22.Bxd5 Rxd5 23.f6
gxf6 24.Nxh7 Kxh7 25.Qh5+ Kg7 26.Qg4+ Kh8 27.Qh4+ Kg7 28.Qg3+ {#r} 1-0

[Event "Tournament (Elo)"]
[Site "masterchessopen.com Belgorod (Russia)"]
[Date "2007.06.01"]
[Round "1"]
[White "Ivanov Alexander Al (RUS)"]
[Black "Garmazhanova Anna (RUS)"]
[Result "1-0"]
[WhiteElo "2398"]
[BlackElo "1854"]

1.e4 e5 2.Nf3 Nc6 3.Bb5 a6 4.Ba4 Nf6 5.O-O Be7 6.Re1 b5 7.Bb3 d6 8.c3 O-O 9.h3
Na5 10.Bc2 c5 11.d4 cxd4 12.cxd4 exd4 13.Nxd4 Bb7 14.Nd2 g6 15.N2f3 Kg7 16.Qd2
Kg8 17.Qh6 Rc8 18.a4 b4 19.Bg5 Nc6 20.Nxc6 Bxc6 21.Qh4 a5 22.Bb3 Re8 23.e5 Nh5
24.exd6 Bxg5 25.Nxg5 Kg7 26.Rxe8 Bxe8 27.Qd4+ Nf6 28.Re1 {#r} 1-0

[Event "Memorial Jose Enrique Rodriguez Pena (cat.12)"]
[Site "masterchessopen.com Ourense (Spain)"]
[Date "2007.06.10"]
[Round "4"]
[White "Salgado Lopez Ivan (ESP)"]
[Black "Strikovic Aleksa (SRB)"]
[Result "0-1"]
[WhiteElo "2460"]
[BlackElo "2551"]

{ Salgado Lopez Ivan (ESP) +1 =0 -0 } 1.e4 e5 2.Nf3 Nc6 3.Bb5 a6 4.Ba4 Nf6
5.O-O Be7 6.Re1 b5 7.Bb3 d6 8.c3 O-O 9.h3 Na5 10.Bc2 c5 11.d4 Nd7 12.d5 { ? }
( 12.dxc5 dxc5 13.Nbd2 Qc7 14.Nh2 Rd8 15.Ndf1 Nf8 16.Qf3 Nc4 17.b3 Nb6 18.Ne3
Ng6 19.Nf5 Bf8 20.h4 f6 21.Ng4 h5 22.Nh2 Nh8 23.g4 g6 24.Ne3 Qf7 25.gxh5 gxh5
26.Kh1 Bg7 27.Rg1 Ra7 28.Nf5 Bxf5 29.exf5 Kf8 30.Be3 Rc7 31.Be4 Nc8 { ...1-0,
Salgado Lopez Ivan 2372 - Leniart Arkadiusz 2303 , Herceg Novi 9.2005 Ch
Europe (juniors) (under 14) } ) 12...Nc4 ( 12...Nf6 13.Nbd2 Kh8 14.Nf1 Ng8
15.g4 h5 16.Kg2 Qd7 17.Ng3 g6 18.Rh1 h4 19.Nf5 gxf5 20.exf5 e4 21.Bxe4 Nf6
22.Bc2 Rg8 23.Qd2 Rg7 24.b3 Bb7 25.c4 Nc6 26.Bb2 Kg8 27.Rad1 Re8 28.Rhe1 Ne5
29.Nxe5 dxe5 30.Bxe5 Bd8 31.Qc3 Rxe5 32.Qxe5 { ...1-0, Almasi Zoltan 2640 -
Portisch Lajos 2534 , Kazincbarcika 18. 5.2005 Ch Hungary } ) 13.a4 ( 13.b3
Ncb6 14.a4 bxa4 15.bxa4 Nc4 16.Bd3 Na5 17.Na3 Nb6 18.c4 Nd7 19.Rb1 Qe8 20.Bd2
Bd8 21.Nc2 Nf6 22.Ne3 g6 23.g4 Qe7 24.Bc3 Ne8 25.Qd2 Nb7 26.Kh1 Ng7 27.Rg1 Kh8
28.Rg2 f6 29.Nh4 Ra7 30.Nef5 Bxf5 31.Qh6 g5 32.gxf5 gxh4 { ...0-1, Sutovsky
Emil 2654 - Acs Peter 2518 , Paks 20. 6.2005 Memorial Gyorgy Marx (cat.16) } )
13...b4 { +0.41 CAP } ( 13...Rb8 14.b3 Ncb6 15.a5 Na8 16.Nbd2 g6 17.g4 h6
18.Nf1 Kg7 19.Ng3 Bg5 20.Nxg5 hxg5 21.Qd2 Rh8 22.Qxg5 Qxg5 23.Bxg5 f6 24.Be3
Rxh3 25.Kg2 Rh8 26.g5 Nc7 27.f4 fxg5 28.f5 g4 29.Rf1 Nf6 30.Bg5 Nce8 31.Rf2
Rb7 32.Raf1 Rf7 33.c4 { ...1/2-1/2, Spoelman Wouter 2357 - Leniart Arkadiusz
2235 , Heraklio 10.11.2004 Ch World (juniors) (under 14) } ) ( 13...Ncb6 14.b3
( 14.axb5 axb5 15.Rxa8 { -0.04 CAP } ) 14...Bb7 15.a5 Nc8 16.c4 b4 17.Be3 Qe8
18.Nbd2 Bd8 19.Nf1 Ne7 20.Nh4 Kh8 21.Nf5 Bc7 22.f4 Ng8 23.g3 Qd8 24.Bc1 g6
25.N5e3 Bxa5 26.Nh2 Bc7 27.h4 Bc8 28.Nf3 Ndf6 29.f5 a5 30.g4 Bd7 31.Re2 Qe7
32.Rg2 Ra7 33.g5 { ...1-0, Navara David 2660 - Miton Kamil 2646 , England 5.
3.2006 Ch England (team) 2005/06 } ) 14.Bd3 { N } ( 14.Qe2 Na5 15.Nbd2 Rb8
16.Bd3 Qb6 17.Nc4 Nxc4 18.Bxc4 a5 19.Be3 Qd8 20.Bb5 Bb7 21.Red1 f5 22.exf5
Rxf5 23.Nd2 Nb6 24.Ne4 Kh8 25.Bc6 Qc7 26.Qd3 Rff8 27.Bxb7 Qxb7 28.cxb4 cxb4
29.Qb5 Rfc8 30.Rac1 Rxc1 31.Rxc1 h6 32.Bxb6 Qxb6 33.Rc8+ Kh7 { ...1-0,
Zawadzki Stanislaw 2398 - Zeberski Jakub 2321 , Poraj 2003 Ch Poland (juniors)
(under 20) (1/2 final) } ) 14...Na5 15.cxb4 cxb4 16.Be3 g6 17.Nbd2 f5 18.exf5
gxf5 19.Nc4 Nxc4 20.Bxc4 Kh8 21.a5 Bf6 22.Qc2 e4 23.Nd4 Ne5 24.Nc6 Qe8 25.Bf1
{ ?! } ( 25.Be2 { !? } 25...Rg8 26.Nxb4 Nf3+ 27.Bxf3 exf3 28.Bg5 Qg6 29.Bxf6+
Qxf6 30.Qc6 Rxg2+ 31.Kh1 Qh4 32.Qc3+ { } ) 25...Rg8 { ?! } ( 25...Nf3+ { !? }
26.Kh1 Nxe1 27.Rxe1 Bb7 28.Bf4 b3 29.Qxb3 Bxc6 30.dxc6 Qxc6 31.Rc1 { } )
26.Nxe5 Bxe5 27.Rad1 f4 28.Bd4 Bf5 29.Qd2 { ? } ( 29.Qc4 Bxh3 30.Bxe5+ Qxe5
31.Qxe4 Qxe4 32.Rxe4 Bxg2 33.Bxg2 f3 34.Rd3 Raf8 35.Rxb4 Rxg2+ 36.Kf1 { } )
29...Rg7 30.Qxb4 Qh5 31.Bxe5 dxe5 32.d6 Rag8 33.d7 Qxh3 { } {#R} 0-1

[Event "Tournament (Elo) \"]
[Site "masterchessopen.com Lagan (Russia)"]
[Round "0"]
[White "Mandzhiev Vladimir (RUS)"]
[Black "Mankirov Vladimir (RUS)"]
[Result "1-0"]
[WhiteElo "1713"]
[BlackElo "1667"]

1.e4 e5 2.Nf3 Nc6 3.Bb5 a6 4.Ba4 Nf6 5.O-O Be7 6.Re1 b5 7.Bb3 d6 8.c3 O-O 9.h3
Na5 10.Bc2 d5 11.exd5 Nxd5 12.d4 exd4 13.Nxd4 Bc5 14.Qd3 Nf6 15.Bg5 Bxd4
16.Bxf6 g6 17.Bxd8 Rxd8 18.cxd4 Bf5 19.Qd2 Bxc2 20.Qxc2 Rxd4 21.Qc3 Ra4 22.b3
b4 23.Qf3 {#r} 1-0

[Event "It (open)"]
[Site "masterchessopen.com Brno (Czech Republic)"]
[Date "2007.07.04"]
[Round "4"]
[White "Ciprys David (CZE)"]
[Black "Hodovsky Jiri (CZE)"]
[Result "0-1"]
[WhiteElo "2028"]
[BlackElo "2104"]

1.e4 e5 2.Nf3 Nc6 3.Bb5 a6 4.Ba4 Nf6 5.O-O Be7 6.Re1 b5 7.Bb3 d6 8.c3 O-O 9.h3
Na5 10.Bc2 c5 11.d4 Nd7 12.Nbd2 cxd4 13.cxd4 Nc6 14.d5 Nb4 15.Bb1 a5 16.Nf1
Nb6 17.Ne3 g6 18.Bd2 f5 19.a3 fxe4 20.Bxe4 Na6 21.Bxa5 Nc5 22.Bxb6 Qxb6 23.Nd2
Bd7 24.Nc2 Rxf2 25.Kh1 Raf8 26.Nb4 Bg5 27.Nf3 Nxe4 28.Rxe4 Bxh3 29.Nxg5 Bxg2+
30.Kg1 Bxe4 {#R} 0-1